000 00426nam a2200157Ia 4500
005 20250403144744.0
008 231217s9999 xx 000 0 und d
020 _a9788131403761
082 _a658.564 SRE;1 R
100 _aSreedhar, G V S ed.
245 0 _aProduct and packaging design : perspectives and cases
260 _c2006
_bIcfai
_aHyderabad
300 _axii, 208
650 _aProduct,packaging
942 _cAA
999 _c191036
_d191036